| 000 | 00304nam a22001217a 4500 | ||
|---|---|---|---|
| 082 |
_a628.11 _bMET _cL-26, P-15 |
||
| 100 |
_aMetcalf and Inch _944154 |
||
| 245 | _aWastewater Engineering | ||
| 300 |
_a782p.: _bill.; |
||
| 526 |
_a0 _b0 _c0 _d628_110000000000000_MET |
||
| 650 |
_aMCE _9379 |
||
| 942 |
_2ddc _cBK |
||
| 999 |
_c547976 _d547976 |
||